[Event "ch-FRA Blitz Online Qual"]
[Site "Europe-Chess INT"]
[Date "2020.05.16"]
[Round "2"]
[White "Spitz, Christophe"]
[Black "Gilles, Francois"]
[Result "1-0"]
[WhiteElo "2137"]
[BlackElo "1637"]
[WhiteFideId "608378"]
[BlackFideId "654663"]
[EventDate "2020.05.16"]

1. e4 Nf6 2. e5 Nd5 3. c4 Nb6 4. c5 Nd5 5. Bc4 c6 6. Nc3 e6 7. d4 Be7 8. Nf3 O-O
9. O-O f6 10. Nxd5 exd5 11. Bd3 fxe5 12. Nxe5 d6 13. Qh5 dxe5 14. Bxh7+ Kh8 15.
Bg6+ Kg8 16. Qh7# 1-0

[Event "ch-FRA Blitz Online Qual"]
[Site "Europe-Chess INT"]
[Date "2020.05.16"]
[Round "2"]
[White "Lamorelle, Yves"]
[Black "Toussaint, Florent"]
[Result "1-0"]
[WhiteTitle "FM"]
[WhiteElo "2052"]
[BlackElo "1391"]
[WhiteFideId "601810"]
[BlackFideId "36088730"]
[EventDate "2020.05.16"]

1. e4 e5 2. Nf3 Nc6 3. Bc4 Nf6 4. d3 Bc5 5. O-O d6 6. Bb3 Bg4 7. c3 O-O 8. h3
Be6 9. Nbd2 Bb6 10. Re1 Re8 11. Nf1 Qe7 12. Ng3 Rad8 13. Nh4 d5 14. Nhf5 dxe4
15. Nxe7+ Rxe7 16. Nxe4 Nxe4 17. Rxe4 Bf5 18. Bg5 Bxe4 19. Bxe7 Nxe7 20. Qe2
Bxd3 21. Qxe5 Ng6 22. Qg5 Re8 23. Rd1 Ba6 24. Rd8 Rxd8 25. Qxd8+ Nf8 26. Qe8 1-0

[Event "ch-FRA Blitz Online Qual"]
[Site "Europe-Chess INT"]
[Date "2020.05.16"]
[Round "2"]
[White "Thomas, Anysia"]
[Black "Hilton, Marc"]
[Result "1-0"]
[WhiteTitle "WFM"]
[WhiteElo "2160"]
[BlackElo "1546"]
[WhiteFideId "670472"]
[BlackFideId "36086983"]
[EventDate "2020.05.16"]

1. d4 d5 2. c4 dxc4 3. Nf3 Nf6 4. Nc3 e6 5. Qa4+ Bd7 6. Qxc4 Bd6 7. e4 Be7 8. e5
Nd5 9. Nxd5 exd5 10. Qxd5 O-O 11. Bd3 Bc6 12. Qc4 Bxf3 13. gxf3 Nd7 14. Qc2 c5
15. Bxh7+ Kh8 16. Bf5 cxd4 17. Qe4 Nc5 18. Qg4 d3 19. Qh5+ Kg8 20. Qh7# 1-0

[Event "ch-FRA Blitz Online Qual"]
[Site "Europe-Chess INT"]
[Date "2020.05.16"]
[Round "2"]
[White "Viennois, Romain"]
[Black "Anselin, Djavan"]
[Result "1/2-1/2"]
[WhiteElo "1981"]
[BlackElo "1499"]
[WhiteFideId "634204"]
[BlackFideId "36080713"]
[EventDate "2020.05.16"]

1. e4 c6 2. d4 d5 3. exd5 cxd5 4. c4 Nc6 5. Nf3 e6 6. Nc3 Nf6 7. c5 g6 8. Bb5
Bg7 9. O-O O-O 10. Bf4 a6 11. Bxc6 bxc6 12. Bd6 Re8 13. Ne5 Bd7 14. Na4 Ne4 15.
Nb6 Bxe5 16. Bxe5 Ra7 17. Re1 f6 18. Bf4 e5 19. Be3 Qe7 20. h4 Qg7 21. f3 Ng3
22. Qd2 Nf5 23. Bf2 e4 24. fxe4 dxe4 25. Qf4 e3 26. Bxe3 Nxe3 27. Rxe3 Rxe3 28.
Qxe3 Bf5 29. Re1 Qf7 30. b3 Kg7 31. Qf3 Re7 32. Rxe7 Qxe7 33. Qxc6 Qe1+ 34. Kh2
Qxh4+ 35. Kg1 Qe1+ 36. Kh2 Qh4+ 37. Kg1 Qe1+ 38. Kh2 Qh4+ 1/2-1/2

[Event "ch-FRA Blitz Online Qual"]
[Site "Europe-Chess INT"]
[Date "2020.05.16"]
[Round "2"]
[White "Le Cainec, Erwan"]
[Black "Le Pen, Steven"]
[Result "0-1"]
[WhiteElo "1052"]
[BlackElo "2141"]
[WhiteFideId "36089583"]
[BlackFideId "612197"]
[EventDate "2020.05.16"]

1. d4 Nf6 2. c4 g6 3. Nc3 d5 4. Bg5 Ne4 5. Nxe4 dxe4 6. e3 Bg7 7. Ne2 O-O 8. g3
h6 9. Bf4 g5 10. Be5 f6 11. Bf4 gxf4 12. exf4 f5 13. Bg2 c5 14. O-O cxd4 15. Qb3
Nc6 16. Rad1 d3 17. Nc3 Nd4 18. Qb4 a5 19. Qc5 b6 20. Qe5 Bxe5 21. fxe5 Qc7 22.
Nd5 Qxe5 23. Rfe1 Ne2+ 24. Kh1 e6 25. Nf4 Nxf4 26. gxf4 Qxf4 27. Rf1 Kh8 28. Rg1
Qxf2 29. Rdf1 Qh4 30. b3 Bb7 31. Re1 d2 32. Rd1 Rad8 0-1

[Event "ch-FRA Blitz Online Qual"]
[Site "Europe-Chess INT"]
[Date "2020.05.16"]
[Round "2"]
[White "Lamaze, Simon"]
[Black "Assouane, Aksel"]
[Result "1-0"]
[WhiteTitle "CM"]
[WhiteElo "2185"]
[BlackElo "1238"]
[WhiteFideId "36069264"]
[BlackFideId "45154708"]
[EventDate "2020.05.16"]

1. d4 Nf6 2. Nf3 g6 3. g3 Bg7 4. Bg2 d5 5. O-O c6 6. c3 Bf5 7. Re1 O-O 8. Nbd2
Re8 9. Nh4 Bc8 10. e4 dxe4 11. Nxe4 Nxe4 12. Bxe4 Nd7 13. f4 Nf6 14. Bg2 Be6 15.
Nf3 Bd5 16. Ne5 Bxg2 17. Kxg2 Nd7 18. Qf3 Nxe5 19. fxe5 e6 20. h4 Qd5 21. Qxd5
cxd5 22. h5 Bf8 23. Bg5 Be7 24. Bf6 Rac8 25. g4 g5 26. Re3 h6 27. Rf1 Rc6 28.
Rf2 Ra6 29. a3 Rb6 30. Kf1 Bxf6 31. exf6 Rc8 32. Ke1 Kf8 33. Kd1 Ke8 34. Kc2 Kd7
35. b4 a5 36. Kb3 axb4 37. cxb4 Ra8 38. Rc3 Rba6 39. Kb2 Rc6 40. Rfc2 Rac8 41.
Rxc6 Rxc6 42. Rxc6 Kxc6 43. a4 Kd6 44. b5 e5 45. dxe5+ Kxe5 46. a5 Kd6 47. a6
bxa6 48. bxa6 Kc7 49. Kc3 Kb6 50. Kd4 Kxa6 51. Kxd5 Kb5 52. Kd6 Kc4 53. Ke7 Kd4
54. Kxf7 Ke4 55. Kg6 Kf4 56. f7 Kxg4 57. f8=Q Kh4 58. Kxh6 g4 59. Qf4 Kh3 60.
Kg5 g3 61. Qg4+ Kh2 62. Qxg3+ Kxg3 63. h6 1-0

[Event "ch-FRA Blitz Online Qual"]
[Site "Europe-Chess INT"]
[Date "2020.05.16"]
[Round "2"]
[White "Deschamps, Quentin"]
[Black "Thibous, Leo"]
[Result "0-1"]
[WhiteElo "1908"]
[BlackElo "1380"]
[WhiteFideId "26010119"]
[BlackFideId "45136084"]
[EventDate "2020.05.16"]

1. e4 e5 2. Nf3 Nf6 3. d4 exd4 4. e5 Nd5 5. Bc4 Nb6 6. Bb3 d5 7. O-O Be6 8. Bg5
Be7 9. Bxe7 Qxe7 10. Nxd4 c5 11. Nb5 O-O 12. c3 a6 13. Nd6 Nc6 14. f4 Nc8 15.
Nxc8 Raxc8 16. Nd2 Rfd8 17. Nf3 d4 18. c4 b5 19. cxb5 axb5 20. Bxe6 Qxe6 21. Rc1
Qd5 22. Qc2 Nb4 23. Qf2 Nd3 24. Qh4 Nxc1 25. Rxc1 d3 26. Ng5 h6 27. Nf3 c4 28.
f5 Qc5+ 29. Kh1 d2 30. Rd1 Qe3 31. f6 g6 32. h3 c3 33. bxc3 Rxc3 34. e6 Rc1 35.
exf7+ Kxf7 36. Ne5+ Qxe5 37. Qg4 Rxd1+ 38. Qxd1 Qe1+ 0-1

[Event "ch-FRA Blitz Online Qual"]
[Site "Europe-Chess INT"]
[Date "2020.05.16"]
[Round "2"]
[White "Cherfils, Richard"]
[Black "Gherghinoiu, Lucas"]
[Result "0-1"]
[WhiteElo "1356"]
[BlackElo "2089"]
[WhiteFideId "36072362"]
[BlackFideId "36051462"]
[EventDate "2020.05.16"]

1. e4 c5 2. Nc3 a6 3. f4 b5 4. d3 Bb7 5. Nf3 e6 6. Be2 d5 7. e5 Nc6 8. O-O Nh6
9. Qe1 Nf5 10. g4 Nfd4 11. Nxd4 Nxd4 12. Be3 Nxc2 13. Qc1 Nxa1 14. Qxa1 d4 15.
Bxd4 Qxd4+ 16. Rf2 Be7 17. Qf1 Bh4 18. Nxb5 axb5 19. Bf3 Bxf3 0-1

[Event "ch-FRA Blitz Online Qual"]
[Site "Europe-Chess INT"]
[Date "2020.05.16"]
[Round "2"]
[White "Zanin, Clement"]
[Black "Macqueron, Gregory"]
[Result "0-1"]
[WhiteElo "1327"]
[BlackElo "1927"]
[WhiteFideId "36066869"]
[BlackFideId "551004240"]
[EventDate "2020.05.16"]

1. e4 Nc6 2. Nf3 d5 3. exd5 Qxd5 4. Nc3 Qa5 5. Bc4 Bg4 6. h3 Qh5 7. Be2 O-O-O 8.
d3 e5 9. O-O Bd7 10. Ng5 Qg6 11. Bh5 Qf6 12. Nxf7 g6 13. Nxd8 gxh5 14. Nxc6 Bxc6
15. Qxh5 Kb8 16. Bg5 Qg7 17. Ne4 b6 18. f3 h6 19. Be3 Ne7 20. Rad1 Nd5 21. Bf2
Nf4 22. Qg4 Qf7 23. Qh4 Be7 24. Qg3 Ne2+ 25. Kh2 Nxg3 26. Bxg3 Qf5 27. c4 h5 28.
h4 Rg8 29. Rfe1 Rxg3 30. Kxg3 Qf4+ 31. Kf2 Bxe4 32. Rxe4 Bxh4+ 33. Kg1 Qg3 34.
Rde1 Qf2+ 35. Kh1 Qxe1+ 36. Rxe1 Bxe1 37. Kh2 h4 38. b3 Kb7 39. Kh3 Kc6 40. Kg4
Kc5 41. Kf5 Kd4 42. Ke6 Bg3 43. Kf5 Kxd3 44. Ke6 Ke2 45. Kd7 Kf2 46. Kxc7 e4+
47. Kb7 e3 48. Kxa7 Bc7 49. Kb7 Bd8 50. Kc8 Bf6 51. Kb7 Bd4 52. b4 e2 53. c5
bxc5 54. bxc5 Bxc5 55. a4 e1=Q 56. Ka6 Qb4 57. a5 Kxg2 58. f4 h3 59. f5 h2 60.
f6 h1=Q 61. f7 Qh6# 0-1

[Event "ch-FRA Blitz Online Qual"]
[Site "Europe-Chess INT"]
[Date "2020.05.16"]
[Round "2"]
[White "Anas, Raphael"]
[Black "Belattar, Salah-Eddine"]
[Result "0-1"]
[WhiteElo "1421"]
[BlackElo "1886"]
[WhiteFideId "45115770"]
[BlackFideId "9001468"]
[EventDate "2020.05.16"]

1. e4 c5 2. Nf3 Nc6 3. d4 cxd4 4. Nxd4 e5 5. Nf3 Bb4+ 6. Nc3 Nf6 7. h4 d5 8.
exd5 Nxd5 9. Bd2 O-O 10. Bc4 Nf4 11. O-O Bg4 12. Bxf4 exf4 13. Qxd8 Raxd8 14.
Rad1 Bxf3 15. gxf3 Ne5 16. Bd5 b6 17. Kg2 Bxc3 18. bxc3 Rc8 19. Rfe1 Ng6 20. Kh3
Rfe8 21. Be4 h5 22. Bxg6 fxg6 23. Rxe8+ Rxe8 24. Rd2 Rc8 25. Rd3 Rf8 26. Rd2 Kh7
27. Rd3 Re8 28. Rd2 Re1 29. Kg2 Ra1 30. Rd7 Rxa2 31. Rd2 a5 32. c4 a4 33. Kg1 a3
34. Kg2 Rb2 35. Rd1 a2 36. Ra1 Rxc2 37. Rxa2 Rxa2 38. c5 bxc5 39. Kf1 c4 40. Ke1
c3 41. Kf1 c2 42. Ke1 c1=Q# 0-1

[Event "ch-FRA Blitz Online Qual"]
[Site "Europe-Chess INT"]
[Date "2020.05.16"]
[Round "2"]
[White "Naillou, Thomas"]
[Black "Mokrani, Romuhald"]
[Result "1-0"]
[WhiteElo "2072"]
[BlackElo "1358"]
[WhiteFideId "36009741"]
[BlackFideId "551061279"]
[EventDate "2020.05.16"]

1. e4 e6 2. d4 d5 3. Nc3 Nd7 4. e5 c5 5. Nge2 c4 6. Be3 Ne7 7. g3 Nf5 8. Bf4 Be7
9. Bg2 O-O 10. O-O a6 11. a4 Qb6 12. Bc1 Nb8 13. a5 Qa7 14. f4 Nc6 15. Kh1 Ncxd4
16. g4 Nxe2 17. gxf5 Nxc3 18. bxc3 exf5 19. Qxd5 Be6 20. Qxb7 Qc5 21. Ba3 Qe3
22. Qxe7 Rad8 23. Rae1 Qxc3 24. Qb4 Qxc2 25. Qb2 Qa4 26. Bxf8 Rxf8 27. Rc1 Qxa5
28. Qc3 Qc5 29. Ra1 h6 30. Rxa6 Qb5 31. Ra5 Qb6 32. Raa1 Rb8 33. h3 Qc5 34. Rab1
Rd8 35. Rfd1 Ra8 36. Bxa8 1-0

[Event "ch-FRA Blitz Online Qual"]
[Site "Europe-Chess INT"]
[Date "2020.05.16"]
[Round "2"]
[White "Sepahpour, Shervine"]
[Black "Dore, Armand"]
[Result "0-1"]
[WhiteElo "1398"]
[BlackElo "1855"]
[WhiteFideId "45150478"]
[BlackFideId "680508"]
[EventDate "2020.05.16"]

1. d4 d5 2. c4 e6 3. Nf3 Nf6 4. Nc3 c6 5. e3 Bd6 6. Bd3 dxc4 7. Bxc4 b5 8. Bd3
O-O 9. e4 Be7 10. O-O h6 11. e5 Nd5 12. Ne4 Bb7 13. Bd2 a6 14. Rc1 Qb6 15. Nc5
a5 16. a3 Na6 17. Nxb7 Qxb7 18. Bxa5 b4 19. Bxb4 Naxb4 20. axb4 Nxb4 21. Be4 Nd5
22. Bxd5 cxd5 23. b3 Ra3 24. Rb1 Rb8 25. Nd2 Qb4 26. Qg4 Qxd2 27. Rfd1 Qg5 28.
Qf3 Qg6 29. Rd3 Qe4 30. Qxe4 dxe4 31. Rc3 Bg5 32. g3 Bd2 33. Rc2 e3 34. fxe3
Bxe3+ 35. Kg2 Bxd4 36. b4 Bxe5 37. b5 Bc7 38. Rxc7 Rb6 39. Rc6 Rxc6 40. bxc6 Rc3
41. Rb6 Kh7 42. Kf2 Kg6 43. Ke2 Kf6 44. Kd2 Rc5 45. Kd3 Ke5 46. h3 f5 47. Ke3 g5
48. g4 f4+ 49. Kf3 Rc3+ 50. Ke2 Ke4 51. Rb4+ Kd5 52. Rb6 Rxc6 53. Rb7 e5 54. Re7
Ke4 55. Rh7 f3+ 56. Kf2 Rc2+ 57. Kg3 Rg2# 0-1

[Event "ch-FRA Blitz Online Qual"]
[Site "Europe-Chess INT"]
[Date "2020.05.16"]
[Round "2"]
[White "Tempier, Martin"]
[Black "Pierre, Timothee"]
[Result "1/2-1/2"]
[WhiteElo "1357"]
[BlackElo "1858"]
[WhiteFideId "36009300"]
[BlackFideId "643076"]
[EventDate "2020.05.16"]

1. e4 c5 2. c3 Nc6 3. d4 d6 4. d5 Ne5 5. Nf3 Nxf3+ 6. Qxf3 g6 7. Bf4 Bg7 8. Bb5+
Bd7 9. Bxd7+ Qxd7 10. Nd2 Nf6 11. O-O O-O 12. Nc4 b5 13. Nd2 Nh5 14. Rfe1 Nxf4
15. Qxf4 h5 16. Nf3 f6 17. Nd2 Kh7 18. Nb3 a5 19. Qe3 a4 20. Nd2 f5 21. h4 f4
22. Qd3 c4 23. Qe2 Rf7 24. Nf3 Bh6 25. Nd4 a3 26. f3 axb2 27. Qxb2 g5 28. Qxb5
Qxb5 29. Nxb5 gxh4 30. a4 Bg7 31. a5 Rb8 32. Reb1 Rff8 33. a6 Ra8 34. a7 Rfc8
35. Nd4 Bxd4+ 36. cxd4 Rc7 37. Rc1 Rcxa7 38. Rxa7 Rxa7 39. Rxc4 Kg6 40. Kf2 Kg5
41. e5 Kg6 42. exd6 exd6 43. Rc6 Ra2+ 44. Kg1 Rd2 45. Rxd6+ Kf5 46. Rd8 Rxd4 47.
d6 Ke6 48. Rh8 Kxd6 49. Rxh5 Rd1+ 50. Kh2 Ke6 51. Rxh4 Ke5 52. Rg4 Rd2 53. Kh3
Re2 54. Kh2 Rd2 55. Kh3 Re2 1/2-1/2

[Event "ch-FRA Blitz Online Qual"]
[Site "Europe-Chess INT"]
[Date "2020.05.16"]
[Round "2"]
[White "Payet, Thomas"]
[Black "Oney, Remel"]
[Result "0-1"]
[WhiteElo "1356"]
[BlackElo "1781"]
[WhiteFideId "45151300"]
[BlackFideId "6310125"]
[EventDate "2020.05.16"]

1. e4 Nf6 2. Nf3 Nxe4 3. d3 Nf6 4. Be2 d5 5. O-O c5 6. c4 e6 7. cxd5 exd5 8. Nc3
Nc6 9. Bg5 Be7 10. a3 O-O 11. d4 c4 12. Re1 h6 13. Bh4 Re8 14. Ne5 Bf5 15. Bh5
Nxh5 16. Qxh5 g6 17. Qxh6 Bxh4 18. Nxc6 bxc6 19. Rxe8+ Qxe8 20. Qxh4 Qd7 21. Qg3
Re8 22. f3 Qe7 23. Kf1 Bd3+ 24. Kg1 Qe3+ 25. Qf2 Kg7 26. g4 Qxf2+ 27. Kxf2 Kf6
28. Rg1 g5 29. Rh1 Kg6 30. h4 gxh4 31. Rxh4 f6 32. f4 Kg7 33. g5 fxg5 34. fxg5
Rh8 35. Rf4 Rh2+ 36. Ke3 Rxb2 37. Rf6 Rb3 38. Nd1 Rxa3 39. Rxc6 Bc2+ 40. Kd2
Bxd1 41. Kxd1 Rd3+ 42. Kc2 Rxd4 43. Rc7+ Kg6 44. Rxa7 Kxg5 45. Ra5 Kf4 46. Ra3
Ke4 47. Rc3 Rd3 48. Rxd3 cxd3+ 49. Kd2 Kd4 50. Kc1 Kc3 51. Kd1 d2 52. Ke2 Kc2 0-1

[Event "ch-FRA Blitz Online Qual"]
[Site "Europe-Chess INT"]
[Date "2020.05.16"]
[Round "2"]
[White "Moeller, Joshua"]
[Black "Sallette, Alain"]
[Result "1-0"]
[WhiteElo "1469"]
[BlackElo "1831"]
[WhiteFideId "45167834"]
[BlackFideId "626570"]
[EventDate "2020.05.16"]

1. d4 Nf6 2. c4 g6 3. Nc3 Bg7 4. e4 d6 5. Nf3 O-O 6. Be2 e5 7. dxe5 dxe5 8. Qxd8
Rxd8 9. Bg5 Nc6 10. Nd5 Rd6 11. c5 Re6 12. Nxc7 Nxe4 13. Nxe6 fxe6 14. Be3 b6
15. cxb6 axb6 16. O-O Bb7 17. Bxb6 Ra6 18. Bxa6 Bxa6 19. Rfe1 Nd6 20. Bc7 Nc4
21. b3 e4 22. bxc4 Bxa1 23. Rxe4 Bc8 24. Be5 h6 25. Bxa1 Kf7 26. Rf4+ Ke7 27. c5
e5 28. Nxe5 Nxe5 29. Bxe5 Ke6 30. Bd6 1-0

[Event "ch-FRA Blitz Online Qual"]
[Site "Europe-Chess INT"]
[Date "2020.05.16"]
[Round "2"]
[White "Bosc, Frederic"]
[Black "Alif, Yassine"]
[Result "0-1"]
[WhiteElo "1365"]
[BlackElo "1874"]
[WhiteFideId "36030970"]
[BlackFideId "45107203"]
[EventDate "2020.05.16"]

1. e4 c5 2. c3 d5 3. exd5 Qxd5 4. d4 Nc6 5. Nf3 Bg4 6. Be2 cxd4 7. cxd4 e6 8.
Nc3 Qd7 9. O-O Nf6 10. Be3 Be7 11. Ne5 Bxe2 12. Qxe2 Nxe5 13. dxe5 Nd5 14. Nxd5
Qxd5 15. Rad1 Qxe5 16. Qf3 Qb5 17. b3 O-O 18. Qg3 Bf6 19. Qc7 Rac8 20. Qd7 Qa6
21. a4 Rfd8 22. Qb5 Qxb5 23. axb5 b6 24. Rxd8+ Rxd8 25. h3 Kf8 26. Rc1 Ke7 27.
Rc7+ Rd7 28. Rxd7+ Kxd7 29. Kf1 Kd6 30. Ke2 Kd5 31. Kd3 Be7 32. g4 Bc5 33. Kc3
Bxe3 34. fxe3 Kc5 35. Kd3 Kxb5 36. Kc3 Kc5 37. b4+ Kd5 38. Kd3 a5 39. bxa5 bxa5
40. Kc3 Ke4 41. Kb3 Kxe3 0-1

[Event "ch-FRA Blitz Online Qual"]
[Site "Europe-Chess INT"]
[Date "2020.05.16"]
[Round "2"]
[White "Massiani, Xavier"]
[Black "Chevillon, Manon"]
[Result "1-0"]
[WhiteElo "1781"]
[BlackElo "1356"]
[WhiteFideId "45145059"]
[BlackFideId "45135690"]
[EventDate "2020.05.16"]

1. e4 e5 2. Nf3 Nc6 3. d4 exd4 4. Nxd4 Qf6 5. Nxc6 dxc6 6. Nc3 Bc5 7. Qe2 Ne7 8.
Be3 Bxe3 9. Qxe3 Be6 10. O-O-O O-O 11. f3 Rfd8 12. Bd3 Qd4 13. Qe2 b5 14. e5 b4
15. Bxh7+ Kxh7 16. Rxd4 Rxd4 17. Ne4 Bxa2 18. b3 a5 19. Kb2 a4 20. Ra1 axb3 21.
cxb3 Nd5 22. Rxa2 Rxe4 23. Qxe4+ g6 24. Rxa8 Nc3 25. Qf4 Nd5 26. Qxf7+ Kh6 27.
f4 Kh5 28. h3 Kh4 29. Qxg6 Nxf4 30. Qg4# 1-0

[Event "ch-FRA Blitz Online Qual"]
[Site "Europe-Chess INT"]
[Date "2020.05.16"]
[Round "2"]
[White "Rouast, Joseph"]
[Black "Thobie, Pascal"]
[Result "1-0"]
[WhiteElo "1808"]
[BlackElo "1216"]
[WhiteFideId "45147000"]
[BlackFideId "651001187"]
[EventDate "2020.05.16"]

1. d4 d5 2. c4 c6 3. Nf3 Bf5 4. Nc3 Nf6 5. Bg5 e6 6. e3 Be7 7. Bd3 Bxd3 8. Qxd3
h6 9. Bh4 dxc4 10. Qxc4 O-O 11. O-O Nbd7 12. Rad1 Nb6 13. Qb3 Rb8 14. e4 Nfd7
15. Bxe7 Qxe7 16. e5 Qd8 17. Ne4 Nd5 18. Nd6 N7b6 19. Nd2 Qc7 20. N2e4 a6 21.
Rd3 f5 22. Nc5 Qe7 23. f4 Kh7 24. Rg3 g5 25. fxg5 hxg5 26. Qd1 Qg7 27. Qh5+ Qh6
28. Rxg5 Qxh5 29. Rxh5+ Kg6 30. Rh3 Rh8 31. Rxh8 Rxh8 32. Ndxb7 Ne3 33. Rf3 Ng4
34. h3 Nh6 35. Nxa6 Nd5 36. Nac5 Kf7 37. Nd6+ Ke7 38. Rb3 Ra8 39. Rb7+ Kf8 40.
Rh7 Ng4 41. Rh8+ 1-0

[Event "ch-FRA Blitz Online Qual"]
[Site "Europe-Chess INT"]
[Date "2020.05.16"]
[Round "2"]
[White "Gombrowicz, Renaud"]
[Black "Laville, Renaud"]
[Result "0-1"]
[WhiteElo "1343"]
[BlackElo "1774"]
[WhiteFideId "651019760"]
[BlackFideId "640247"]
[EventDate "2020.05.16"]

1. e4 c5 2. Nf3 Nc6 3. Bb5 g6 4. c3 Bg7 5. d4 cxd4 6. cxd4 a6 7. Ba4 b5 8. Bb3
d6 9. e5 dxe5 10. Nxe5 Nxe5 11. dxe5 Qxd1+ 12. Bxd1 Bxe5 13. O-O Bb7 14. Nc3 Bg7
15. Bb3 e6 16. Be3 Nf6 17. Bc5 Nd7 18. Bd6 Bf8 19. Bf4 Be7 20. Bh6 O-O-O 21.
Rac1 Kb8 22. Bf4+ Ka8 23. Ne4 Bxe4 24. Rfd1 Nc5 25. Re1 Nxb3 26. axb3 Bd5 27.
Rc7 Bd6 28. Bxd6 Rxd6 29. Rxf7 Bxb3 30. Rc1 Rhd8 31. h3 Rd1+ 32. Rxd1 Rxd1+ 33.
Kh2 Rd2 34. Rxh7 Rxf2 35. Re7 Bd5 36. Kg3 Rxg2+ 37. Kh4 g5+ 38. Kh5 Rxb2 39.
Kxg5 Rh2 40. h4 Rg2+ 41. Kh5 b4 42. Rc7 b3 43. Rc1 b2 44. Rb1 Ba2 45. Rxb2 Rxb2
46. Kh6 e5 47. h5 Bb1 48. Kg7 Rf2 49. h6 e4 50. h7 Rh2 51. h8=Q+ Rxh8 52. Kxh8
e3 53. Kg7 e2 54. Kf6 e1=Q 55. Kf7 Qa5 56. Ke7 Qb6 57. Kd7 Ka7 58. Ke8 Qc7 59.
Kf8 Kb6 60. Ke8 Kc6 61. Kf8 Kd6 62. Kg8 Ke6 63. Kf8 Kf6 0-1

[Event "ch-FRA Blitz Online Qual"]
[Site "Europe-Chess INT"]
[Date "2020.05.16"]
[Round "2"]
[White "Carlier-Bromberg, Paul"]
[Black "Pineau, Patrick"]
[Result "1-0"]
[WhiteElo "1790"]
[BlackElo "1349"]
[WhiteFideId "36099155"]
[BlackFideId "20673329"]
[EventDate "2020.05.16"]

1. e4 c5 2. Nc3 e6 3. Nf3 a6 4. d4 cxd4 5. Nxd4 b5 6. a3 Nc6 7. Be2 Bb7 8. O-O
Qc7 9. Be3 Bc5 10. Qd2 Bxd4 11. Bxd4 Nxd4 12. Qxd4 Nf6 13. e5 Qc6 14. Bf3 Nd5
15. Nxd5 exd5 16. Rad1 Qxc2 17. Bxd5 Bxd5 18. Qxd5 O-O 19. Rd2 Qf5 20. Re1 Rfd8
21. Qd6 Rac8 22. Qxa6 Rc2 23. Rxc2 Qxc2 24. Qxb5 Qd2 25. Qe2 Qg5 26. g3 Qg6 27.
Qe4 Qb6 28. Re2 Qb5 29. Kg2 Qa5 30. f4 Qb6 31. f5 d6 32. exd6 Qxd6 33. Qe8+ Rxe8
34. Rxe8+ Qf8 35. Rxf8+ Kxf8 36. b4 Ke7 37. a4 Kd6 38. a5 Kc6 39. Kf3 Kb5 40.
Ke4 f6 41. h4 g6 42. fxg6 hxg6 43. g4 f5+ 44. gxf5 gxf5+ 45. Kxf5 1-0

[Event "ch-FRA Blitz Online Qual"]
[Site "Europe-Chess INT"]
[Date "2020.05.16"]
[Round "2"]
[White "Lovichi, Raphael"]
[Black "Mallevaey, Armand"]
[Result "0-1"]
[WhiteElo "1406"]
[BlackElo "1773"]
[WhiteFideId "45172935"]
[BlackFideId "36041424"]
[EventDate "2020.05.16"]

1. e4 d5 2. exd5 Qxd5 3. Nc3 Qa5 4. Bc4 Nf6 5. d3 Bf5 6. Bd2 c6 7. Nd5 Qd8 8.
Nxf6+ gxf6 9. Nf3 e6 10. Qe2 Nd7 11. Nh4 Bg6 12. Bc3 Be7 13. Nxg6 hxg6 14. O-O
Qc7 15. h3 O-O-O 16. Qd2 g5 17. g3 Rxh3 18. Kg2 Rdh8 19. Rh1 Rxh1 20. Rxh1 Rxh1
21. Kxh1 Bd6 22. Kg2 Be5 23. Bxe5 Nxe5 24. Bb3 Ng6 25. Qe2 Qe5 26. Qxe5 Nxe5 27.
f4 gxf4 28. gxf4 Ng6 29. Kf3 f5 30. c3 Kd7 31. Bc2 Kd6 32. d4 a5 33. a3 b5 34.
Bd3 Kd5 35. Bc2 a4 36. Bd3 f6 37. Ke3 Ne7 38. Bb1 Kd6 39. Ba2 Nd5+ 40. Kf3 Nb6
41. Ke3 Nc4+ 42. Bxc4 bxc4 43. Kf3 Kd5 44. Ke3 c5 0-1

[Event "ch-FRA Blitz Online Qual"]
[Site "Europe-Chess INT"]
[Date "2020.05.16"]
[Round "2"]
[White "Dazi, Adam"]
[Black "LHeritier, Boris"]
[Result "1-0"]
[WhiteElo "1336"]
[BlackElo "1763"]
[WhiteFideId "45106959"]
[BlackFideId "26033003"]
[EventDate "2020.05.16"]

1. e4 g6 2. Nf3 Bg7 3. Bc4 c6 4. Nc3 e6 5. d4 d5 6. exd5 exd5 7. Bd3 Bg4 8. O-O
Ne7 9. Bg5 O-O 10. Re1 f6 11. Bf4 Re8 12. h3 Bxf3 13. Qxf3 Qb6 14. Bd6 Qd8 15.
Bxe7 Rxe7 16. a3 f5 17. Qf4 Na6 18. Kf1 Qd7 19. Rxe7 Qxe7 20. Re1 Qd7 21. Bxa6
bxa6 22. Re2 Re8 23. Rxe8+ Qxe8 24. Qe3 Qxe3 25. fxe3 Kf7 26. Na4 Ke7 27. Nc5 a5
28. Nb7 Kd7 29. Nxa5 Bf8 30. Ke2 Kc7 31. Nb3 Bd6 32. Nc5 a5 33. b4 axb4 34. axb4
Kb6 35. Kd3 Kb5 36. c3 h5 37. Nd7 g5 38. Ne5 g4 39. hxg4 fxg4 40. Ng6 Kb6 41. e4
dxe4+ 42. Kxe4 Kc7 43. Ne5 Bxe5 44. dxe5 Kd7 45. Kf5 Ke7 46. Kg5 Ke6 47. Kxh5 g3
48. Kg4 Kxe5 49. Kxg3 Kd5 50. Kf4 Kc4 51. g4 Kxc3 52. g5 Kxb4 53. g6 c5 54. g7
c4 55. g8=Q c3 56. Qb8+ Ka3 57. Qb1 1-0

[Event "ch-FRA Blitz Online Qual"]
[Site "Europe-Chess INT"]
[Date "2020.05.16"]
[Round "2"]
[White "Siffert, Arman"]
[Black "Touat, Kais"]
[Result "1-0"]
[WhiteElo "1887"]
[BlackElo "1416"]
[WhiteFideId "45125350"]
[BlackFideId "45136815"]
[EventDate "2020.05.16"]

1. Nf3 Nf6 2. g3 e6 3. Bg2 d5 4. O-O Be7 5. d3 O-O 6. Nbd2 b6 7. e4 Bb7 8. e5
Nfd7 9. d4 c5 10. c3 Nc6 11. h4 f6 12. exf6 Nxf6 13. Re1 Qd7 14. Bh3 Nd8 15. Ng5
Kh8 16. Nxe6 Nxe6 17. Bxe6 Qc7 18. Rf1 Bd6 19. Kg2 Ne4 20. Nxe4 dxe4 21. Be3 Qe7
22. Bh3 Qf6 23. Qg4 Bc8 24. Qg5 1-0